| 000 | 00545nam a22001817a 4500 | ||
|---|---|---|---|
| 999 |
_c104817 _d104817 |
||
| 005 | 20181205113922.0 | ||
| 010 | _aENG-116694 | ||
| 020 |
_a9788184846102 _c990.00 |
||
| 035 | _aEN-100226 | ||
| 037 | _bDBAD/PUB | ||
| 082 | _a172.0954 | ||
| 245 |
_aEthics in governance / _cedited Renu Kapila _bdiverse aspects |
||
| 260 |
_aNew Delhi _bRegal Publications _c2016 |
||
| 270 |
_aF-159 Rajouri Garden _bNew Delhi _e110027 |
||
| 300 |
_axiv,231p. : _c23cm(Hb) _bill |
||
| 500 | _aIncludes index | ||
| 942 |
_2ddc _cEN _h172.0954 _mETH |
||